Presupuesto, programación y planeación del proyecto reemplazo del centro de salud de la comunidad de Vista Alegre, departamento de Masaya

El presente trabajo de investigación del proyecto: Presupuesto, programación y planificación del proyecto: “Reemplazo del centro de salud de la comunidad de Vista Alegre en el departamento de Masaya”, es un proyecto de 12,000 m2 de construcción entre incluye el edificio, accesos, parqueos y obra...

Full description

Bibliographic Details
Main Authors: Garth McDonald, Joyner Mario, Martínez Martínez, Claudio José de los Ángeles, Espinoza Mendoza, Isaac Gonzalo
Other Authors: Tutor: Espinoza González, Luis Gustavo
Format: Tesis Section = Libro
Language:Undetermined
Spanish
Published: Managua UNI 2022
Subjects:
LEADER 01503nam a2200301Ia 4500
008 240830s9999 xx 000 0 und d
040 |a BIBLIOTECA-RUPAP/ Mon 690 G244 
041 |a spa 
082 |a Mon 690 G244 
100 1 |a Garth McDonald, Joyner Mario 
100 1 |b  Martínez Martínez, Claudio José de los Ángeles 
100 1 |c  Espinoza Mendoza, Isaac Gonzalo 
245 1 0 |a Presupuesto, programación y planeación del proyecto reemplazo del centro de salud de la comunidad de Vista Alegre, departamento de Masaya 
260 |a Managua  |b UNI  |c 2022 
300 |a 96 p. :il. 
500 |a Contiene: anexos y CD. 
502 |a Tesis (Ingeniero Civil) - UNI, 2022. 
520 3 |a El presente trabajo de investigación del proyecto: Presupuesto, programación y planificación del proyecto: “Reemplazo del centro de salud de la comunidad de Vista Alegre en el departamento de Masaya”, es un proyecto de 12,000 m2 de construcción entre incluye el edificio, accesos, parqueos y obras exteriores, calles y parqueos serán de adoquín, el edificio principal es de mampostería confinada, con particiones livianas. 
650 7 |a PROGRAMACION-PRESUPUESTO 
650 7 |b  INDUSTRIA DE LA CONSTRUCCION-COSTOS 
650 7 |c  INDUSTRIA DE LA CONSTRUCCION-PRESUPUESTO 
650 7 |d  PLANIFICACION 
650 7 |e  COSTOS UNITARIOS 
650 7 |f  CONSTRUCCION DE EDIFICIOS-COSTOS 
700 1 |a Tutor:  |b Espinoza González, Luis Gustavo 
942 |c BK  |2 ddc 
991 |a Tesis 
999 |c 27695